| 000 | 00579nam a2200241Ia 4500 | ||
|---|---|---|---|
| 003 | GCL | ||
| 008 | 140319s9999 xx 000 0 eng d | ||
| 040 |
_aGCL / _cGCL |
||
| 082 | 0 | 4 |
_a591 _bV B |
| 100 | 1 | _aVERMA, P.S. | |
| 245 | 1 | 0 |
_aB.SC. FIRST YEAR: ZOOLOGY / _cVERMA, P.S. |
| 700 | 1 | _aSRIVASTAVA, P.C. | |
| 260 |
_a[S.N] : _bS. CHAND & COMPANY LTD ، _c1993 |
||
| 300 | _a448 P | ||
| 650 | 0 | 4 | _aANIMAL |
| 650 | 0 | 4 | _aCYTOLOGY |
| 650 | 0 | 4 | _aBIOLOGY |
| 650 | 0 | 4 | _aBIOLOGICAL |
| 650 | 0 | 4 | _aZOOLOGY |
| 650 | 0 | 4 | _aEARTHWORMS |
| 650 | 0 | 4 | _aCOCKROACHES |
| 942 |
_2ddc _cBK |
||
| 999 |
_c20072 _d20072 |
||